| 000 | 01397cam a2200313 a 4500 | ||
|---|---|---|---|
| 999 |
_c125615 _d125615 |
||
| 001 | 14483480 | ||
| 003 | ARRUPE | ||
| 005 | 20171018144157.0 | ||
| 008 | 060805s2006 nyu b 001 0 eng | ||
| 010 | _a 2007619292 | ||
| 020 | _a0465006345 | ||
| 040 |
_aDLC _cDLC _dDLC |
||
| 041 | 1 |
_aeng _hund |
|
| 043 | _ae----- | ||
| 050 | 0 | 0 |
_aD2021 _b.B46 2006 |
| 100 | 0 |
_aBenedict XVI, _cPope, _d1927- _927106 |
|
| 245 | 1 | 0 |
_aWithout roots : _bthe West, relativism, Christianity, Islam / _cJoseph Ratzinger now Pope Benedict XVI, Marcello Pera ; foreword by George Weigel ; translated by Michael F. Moore. |
| 260 |
_aNew York : _bBasic Books , _cc2006 . |
||
| 300 |
_axii, 159 p. ; _c21 cm. |
||
| 504 | _aIncludes bibliographical references (p. 137-156) and index. | ||
| 650 | 0 |
_aNational characteristics, European. _927107 |
|
| 650 | 0 |
_aCultural relativism _zEurope. _927108 |
|
| 651 | 0 |
_aEurope _xCivilization _y21st century. _927109 |
|
| 700 | 1 |
_aPera, Marcello, _d1943- _914317 |
|
| 700 | 1 |
_aMoore, Michael, _d1954 August 24- _927110 |
|
| 906 |
_a7 _bcbc _corignew _du _encip _f20 _gy-gencatlg |
||
| 942 |
_2lcc _cMONOGRAPH |
||